MARC

LEADER 00000nam0a2200000 4500
001 294056
005 20231102000644.0
020 |a RU  |b 84-33548 
035 |a (RuTPU)RU\TPU\book\319106 
090 |a 294056 
100 |a 20150508d1984 k y0rusy5003 ca 
101 0 |a rus 
102 |a RU 
105 |a a z 001zy 
200 1 |a Генетические типы, закономерности размещения и прогноз месторождений брусита и магнезита  |f П. П. Смолин [и др.]  |g Академия наук СССР (АН СССР), Институт геологии рудных месторождений, петрографии, минералогии и геохимии (ИГЕМ) ; отв. ред. В. П. Петров 
210 |a Москва  |c Наука  |d 1984 
215 |a 318 с.  |c ил. 
320 |a Библиогр.: с. 304-315 
606 1 |a Магнезит  |x Месторождения  |2 stltpush  |3 (RuTPU)RU\TPU\subj\40705  |9 60546 
610 1 |a бруситы 
610 1 |a генетические типы 
610 1 |a седиментогенная эвкарбонатная магнезитоносность 
610 1 |a прогноз 
610 1 |a размещение 
610 1 |a Буреинский массив 
610 1 |a бруситовые месторождения 
610 1 |a монографии 
675 |a 553.682  |v 4 
701 1 |a Смолин  |b П. П. 
701 1 |a Шевелев  |b А. И. 
701 1 |a Урасина  |b Л. П. 
701 1 |a Петров  |b В. П. 
702 1 |a Петров  |b В. П.  |4 340 
712 0 2 |a Академия наук СССР (АН СССР)  |b Институт геологии рудных месторождений, петрографии, минералогии и геохимии (ИГЕМ)  |c (Москва)  |2 stltpush  |3 (RuTPU)RU\TPU\col\11398 
801 0 |a RU  |b RuMRKP  |c 19950704  |g psbo 
801 1 |a RU  |b 63413507  |c 20150508 
801 2 |a RU  |b 63413507  |c 20181128  |g RCR 
942 |c BK